000 00661nam a22001937a 4500
005 20140925142916.0
008 140925b2009 -ge||||| |||| 00| 0 spa d
041 _aeng
044 _agx
082 0 4 _a363.7387
_bG89a
245 0 0 _aAccounting for emission :
_ba new emissions - calculating tool - tested in six energy - related projects
260 _aEschborn, Alemania:
_bDeutsche Gesellschaft für,
_c2009
300 _a16 p.
_c21 cm.
650 4 _aRecursos energéticos
_xaspectos ambientales
_927260
650 4 _aCombustibles fósiles
_927261
650 4 _aCambios climáticos
_xaspectos ambientales
_927262
650 4 _agases
_927263
942 _2ddc
_cLIBRO
999 _c8734
_d8734